000 00325nam a22001457a 4500
008 210427b ||||| |||| 00| 0 eng d
020 _a9780500277508
041 _aeng
080 _a902
082 _a902
100 _a45
101 _aARKEO
245 _aStonehenge Complete
_cChristopher Chippindale
942 _2udc
_cBK
999 _c56806
_d56806